00690nam 2200253 4500001000800000005001700008008004100025035002100066906004500087010001700132015001200149040001800161050001500179082001200194100002700206245002600233260003100259300002300290350001000313504003100323650001100354991004100365099003000406174118219700216000000.0700212s1969 ne b 001 0 eng  9(DLC) 74441749 a7bcbccorignewduencipf19gy-gencatlg a 74441749  aNe69-42 aDLCcDLCdDLC00aBD171b.A700a111.8/31 aArmour, Leslie,d1931-14aThe concept of truth. aAssen,bVan Gorcum,c1969. a266 p.c24 1/2 cm. a35.10 aBibliographical footnotes. 0aTruth. bc-GenCollhBD171i.A7tCopy 1wBOOKS aarmour-concept-1072298675